000
00276nam a2200109Ia 4500
008
220216s9999 xx 000 0 und d
100
_a
Elizabeth K I
245
0
_a
Sanghangalkkum thudangam rubber band nirmanam
260
_b
Rubber
_c
2012
300
_a
10-11,13,15
942
_c
BS
999
_c
52007
_d
52007